Catalog

Record Details

Catalog Search



Intellectuals don't need God and other modern myths : building bridges to faith through apologetics Cover Image Book Book

Intellectuals don't need God and other modern myths : building bridges to faith through apologetics Alister E. McGrath

Record details

  • ISBN: 0-310-59091-4
  • Physical Description: 241 p.
  • Publisher: Grand Rapids, Michigan Zondervan Publishing House 1993

Available copies

  • 1 of 1 copy available at Common Catalog SPOK.

Holds

  • 0 current holds with 1 total copy.
Show Only Available Copies
Location Call Number / Copy Notes Barcode Shelving Location Status Due Date
ETS Library 239 424470006255 Volný výběr Available -

LDR 00747nam a2 00241
00139918
003CZ-PrJAB
00520031217000000.0
008011130s1993 xxu e |||| |eng
009us
020 . ‡a0-310-59091-4
035 . ‡a(CONS)4251
035 . ‡aKPS10247
040 . ‡aABG450
041 . ‡aeng
08214. ‡a239
100 . ‡7855 ‡aMcGrath, Alister E.
245 . ‡aIntellectuals don't need God and other modern myths : ‡bbuilding bridges to faith through apologetics ‡cAlister E. McGrath
260 . ‡aGrand Rapids, Michigan ‡bZondervan Publishing House ‡c1993
300 . ‡a241 p.
653 . ‡aIntellectuals don't need God and other modern myths
8524 . ‡bETS ‡bETS ‡cVolný výběr ‡j239 ‡gA ‡p424470006255
910 . ‡aABG450
999 . ‡a4251 ‡bAUTOGEN ‡c4251 ‡tbiblio
905 . ‡uadmin
901 . ‡a39918 ‡b ‡c39918 ‡tbiblio ‡sets

Additional Resources